000
00318nam a2200133Ia 4500
008
231019s9999 xx 000 0 und d
082
_a
658.0072
_b
ZIK-B
100
_a
William G. Zikmund
245
0
_a
Business Research Methods
260
_a
USA
_b
Thomson
_c
2002
300
_a
748
650
_a
Accounting
999
_c
34456
_d
34456